00377nam a2200145Ia 4500008004100000020001500041041001200056082001100068100001900079245006400098260003200162300000800194650000800202700002100210221030s9999 xx 000 0 und d a8188114774 aEnglish a105.23 aS. Seetharaman 0aIndustrial Engineeringcby S. Seetharaman, B. Vijayaramnath bUmesh Pub.aNew Delhic2009 a464 aECE aB. Vijayaramnath